HARVARD GRAPHICS DESIGN COMPANION: TIPS TECHNIQUES and IDEA FOR CREATING GREAT-LOOKING PRESENTATIONS (Record no. 127358)

MARC details
000 -LEADER
fixed length control field 00398pam a2200133 a 4500
020 ## - INTERNATIONAL STANDARD BOOK NUMBER
International Standard Book Number 0-940087-94-4
Terms of availability
041 ## - LANGUAGE CODE
Language code of original
082 ## - DEWEY DECIMAL CLASSIFICATION NUMBER
Classification number 001.4266
Item number POT/RAB
100 ## - MAIN ENTRY--PERSONAL NAME
Personal name POTTER C.,RABB M.Y.,
245 ## - TITLE STATEMENT
Title HARVARD GRAPHICS DESIGN COMPANION: TIPS TECHNIQUES and IDEA FOR CREATING GREAT-LOOKING PRESENTATIONS
Medium Textual Documents
260 ## - PUBLICATION, DISTRIBUTION, ETC.
Place of publication, distribution, etc. USA
Name of publisher, distributor, etc. VENTANA PRESS
Date of publication, distribution, etc. 1992
300 ## - PHYSICAL DESCRIPTION
Extent XX+266
930 ## - EQUIVALENCE OR CROSS-REFERENCE-UNIFORM TITLE HEADING [LOCAL, CANADA]
Uniform title 7896
Holdings
Withdrawn status Lost status Damaged status Not for loan Collection Home library Current library Date acquired Total Checkouts Full call number Barcode Date last seen Copy number Price effective from Koha item type
          Institute of Management & Entrepreneurship Development, Pune Institute of Management & Entrepreneurship Development, Pune 18/04/2011   001.4266 POT/RAB IMP-IM-6149 01/03/2023 1 01/03/2023 Book